| 000 | 00932nam a2200301 i 4500 | ||
|---|---|---|---|
| 001 | 768714001 | ||
| 003 | CO-MdFUSB | ||
| 005 | 20240618062721.0 | ||
| 007 | ta | ||
| 008 | 210423t1997 gt a|||| |||| 00| 0 spa d | ||
| 020 | _a9780789904461 | ||
| 040 |
_aCO-MdFUSB _bspa _cCO-MdFUSB _dCO-MdFUSBC _erda |
||
| 041 | _aspa | ||
| 082 |
_223 _a266.0092 _bM678 |
||
| 110 | _aComibam Internacional. | ||
| 245 | 1 | 4 |
_aLas misiones latinas para el siglo XXI : COMIBAM ´97 _b: segundo congreso misionero Iberoamericano Acapulco (México) - 27 al 31 de octubre de 1997 _c/ COMIBAM Internacional |
| 264 | 1 |
_aGuatemala : _bUnilit, _c[1997] |
|
| 264 | 4 | _c© 1997 | |
| 300 |
_a24 páginas _c; 28 cm |
||
| 336 |
_2rdacontent _atexto _btxt |
||
| 337 |
_2rdamedia _asin mediación _bn |
||
| 338 |
_2rdacarrier _avolumen _bnc |
||
| 563 | _aRústico | ||
| 650 | 0 |
_aMisiones _9154 |
|
| 650 | 7 |
_aCristianismo _2 _922 |
|
| 942 | _cBK | ||
| 945 | _aMag1104 | ||
| 999 |
_c66702 _d66702 |
||